Statistics for LGBT Rights in the European Union

Click here to take the quiz!

General Stats

  • This quiz has been taken 545 times
  • The average score is 9 of 28

Answer Stats

%Answer% Correct
96Netherlands
93%
95Sweden
81%
90Spain
66%
90Denmark
54%
84United Kingdom
51%
87Ireland
47%
81France
45%
81Belgium
40%
70Germany
32%
74Finland
29%
71Portugal
29%
72Italy
28%
37Poland
27%
36Romania
27%
75Luxembourg
25%
70Austria
24%
77Malta
23%
44Estonia
18%
62Greece
18%
49Hungary
18%
42Latvia
18%
36Slovakia
18%
51Bulgaria
16%
48Croatia
16%
44Lithuania
16%
54Slovenia
16%
62Czech Republic
15%
62Cyprus
12%

Score Distribution

Percentile by Number Answered

Percent of People with Each Score

Your Score History

You have not taken this quiz